La ratita presumida = (Record no. 19005)

MARC details
000 -LEADER
fixed length control field 01018nam a2200313Ia 4500
001 - CONTROL NUMBER
control field z9livm b1413482
003 - CONTROL NUMBER IDENTIFIER
control field OCoLC
005 - DATE AND TIME OF LATEST TRANSACTION
control field 20171023154253.0
008 - FIXED-LENGTH DATA ELEMENTS--GENERAL INFORMATION
fixed length control field 060912s2006 nyua j 000 0 eng d
020 ## - INTERNATIONAL STANDARD BOOK NUMBER
International Standard Book Number 0439773792 :
020 ## - INTERNATIONAL STANDARD BOOK NUMBER
International Standard Book Number 9780439773799
040 ## - CATALOGING SOURCE
Transcribing agency sjds
041 1# - LANGUAGE CODE
Language code of text/sound track or separate title eng
-- spa
Language code of original spa
090 ## - LOCALLY ASSIGNED LC-TYPE CALL NUMBER (OCLC); LOCAL CALL NUMBER (OCLC)
Classification number (OCLC) (R) ; Classification number, CALL (RLIN) (NR) jSPAN PIC
Local cutter number (OCLC) ; Book number/undivided call number, CALL (RLIN) ORIHUELA, L.
100 1# - MAIN ENTRY--PERSONAL NAME
Personal name Orihuela, Luz.
245 13 - TITLE STATEMENT
Title La ratita presumida =
Remainder of title The conceited little rat/
Statement of responsibility, etc. adaptacion, Luz Orihuela ; ilustraciones, Rosa M. Curto ; traduccion, Esther Sarfatti.
246 31 - VARYING FORM OF TITLE
Title proper/short title Conceited little rat.
250 ## - EDITION STATEMENT
Edition statement Spanish/English.
260 ## - PUBLICATION, DISTRIBUTION, ETC. (IMPRINT)
Place of publication, distribution, etc. New York :
Name of publisher, distributor, etc. Scholastic,
Date of publication, distribution, etc. c2006.
300 ## - PHYSICAL DESCRIPTION
Extent 22 p. :
Other physical details col. ill. ;
Dimensions 21 cm.
520 ## - SUMMARY, ETC.
Summary, etc. A vain little rat makes the wrong decision in selecting a marriage partner.
650 #1 - SUBJECT ADDED ENTRY--TOPICAL TERM
Topical term or geographic name as entry element Fairy tales.
650 #1 - SUBJECT ADDED ENTRY--TOPICAL TERM
Topical term or geographic name as entry element Rats
Form subdivision Fiction.
650 #1 - SUBJECT ADDED ENTRY--TOPICAL TERM
Topical term or geographic name as entry element Courtship
Form subdivision Fiction.
650 #1 - SUBJECT ADDED ENTRY--TOPICAL TERM
Topical term or geographic name as entry element Spanish language materials
Form subdivision Bilingual.
700 1# - ADDED ENTRY--PERSONAL NAME
Personal name Curto, Rosa Maria.
700 1# - ADDED ENTRY--PERSONAL NAME
Personal name Sarfatti, Esther.
942 ## - ADDED ENTRY ELEMENTS (KOHA)
Source of classification or shelving scheme Dewey Decimal Classification
Koha item type Libro/Book
Holdings
Withdrawn status Lost status Source of classification or shelving scheme Damaged status Not for loan Home library Current library Date acquired Total Checkouts Barcode Date last seen Price effective from Koha item type
    Dewey Decimal Classification     Genizero -- Satellite Genizero -- Satellite 23/10/2017   35601585 23/10/2017 23/10/2017 Libro/Book

Powered by Koha